広島県の駅名一覧 - Statistics

General Stats
  • This quiz has been taken 61 times
    13 since last reset
  • The average score is 121 of 267
Answer Stats
Hint Answer % Correct
B01 | G01 | P01 | +2 others 広島
100%
B02 | R02 新白島
100%
B03 | R03 横川
100%
R07 廿日市
100%
R10 宮島口
100%
R14 大竹
100%
G04 | Y04 海田市
100%
G10 西条
100%
G16 | X20 | Y31 三原
100%
W14 | X14 福山
100%
X18 尾道
100%
Y14
100%
Y17
100%
三次
100%
府中
100%
東広島
100%
R04 西広島
86%
R06 五日市
86%
G02 | Y02 天神川
86%
G03 | Y03 向洋
86%
G05 安芸中野
86%
G11 西高屋
86%
G12 白市
86%
G13 入野
86%
G15 本郷
86%
G17 | X19 糸崎
86%
X16 松永
86%
W13 東福山
86%
Y06
86%
Y16 新広
86%
B08 大町
86%
B14 可部
86%
B16 あき亀山
86%
新尾道
86%
M9 原爆ドーム前
86%
W5 白島
86%
R05 新井口
71%
R09 阿品
71%
R12 大野浦
71%
R13 玖波
71%
G07 瀬野
71%
G08 八本松
71%
G09 寺家
71%
G14 河内
71%
X15 備後赤坂
71%
X17 東尾道
71%
W12 大門
71%
Y05 矢野
71%
Y09 呉ポートピア
71%
Y23 安芸津
71%
Y25 竹原
71%
塩町
71%
備後落合
71%
神辺
71%
上下
71%
M4 胡町
71%
M5 | W1 八丁堀
71%
U18 広島港(宇品)
71%
E6 江波
71%
R08 宮内串戸
57%
R11 前空
57%
G06 中野東
57%
Y10 天応
57%
Y11 かるが浜
57%
Y18 仁方
57%
B06 下祇園
57%
B10 七軒茶屋
57%
B11 梅林
57%
P06 下深川
57%
P07 中深川
57%
P08 上深川
57%
備後庄原
57%
57%
東城
57%
M1 広島駅
57%
M33 宮内
57%
U1 本通
57%
県庁前
57%
城北
57%
広域公園前
57%
Y08 小屋浦
43%
Y12 吉浦
43%
Y15 安芸阿賀
43%
Y21 安浦
43%
Y24 吉名
43%
Y28 忠海
43%
B04 三滝
43%
B05 安芸長束
43%
B09 緑井
43%
P02 矢賀
43%
P09 狩留家
43%
駅家
43%
甲奴
43%
M3 銀山町
43%
M6 立町
43%
M7 紙屋町東
43%
M8 紙屋町西
43%
M12 土橋
43%
M25 井口
43%
M32 廿日市市役所前(平良)
43%
M38 広電宮島口
43%
U3 中電前
43%
U13 宇品三丁目
43%
U14 宇品四丁目
43%
U15 宇品五丁目
43%
Y4 横川一丁目
43%
Y5 横川駅
43%
毘沙門台
43%
大塚
43%
Y13 川原石
29%
Y19 安芸川尻
29%
Y20 安登
29%
Y22 風早
29%
Y27 安芸長浜
29%
Y29 安芸幸崎
29%
B07 古市橋
29%
B12 上八木
29%
B13 中島
29%
B15 河戸帆待川
29%
P03 戸坂
29%
P04 安芸矢口
29%
P05 玖村
29%
白木山
29%
中三田
29%
上三田
29%
志和口
29%
井原市
29%
吉田口
29%
八次
29%
備後三日市
29%
備後西城
29%
道後山
29%
湯田村
29%
万能倉
29%
新市
29%
吉舎
29%
油木
29%
M2 稲荷町
29%
M18 広電西広島(己斐)
29%
M21 古江
29%
M22 草津
29%
M27 広電五日市
29%
M29 楽々園
29%
M31 広電廿日市
29%
M36 阿品東
29%
U4 市役所前
29%
U6 日赤病院前
29%
U7 広電本社前
29%
U12 宇品二丁目
29%
U16 海岸通
29%
U17 元宇品口
29%
Y2 寺町
29%
E1 舟入町
29%
E3 舟入幸町
29%
E4 舟入川口町
29%
W4 家庭裁判所前
29%
H1 松川町
29%
H2 比治山下
29%
H5 皆実町二丁目
29%
古市
29%
29%
伴中央
29%
M34 JA広島病院前
29%
Y07 水尻
14%
Y26 大乗
14%
Y30 須波
14%
向原
14%
甲立
14%
上川立
14%
志和地
14%
西三次
14%
神杉
14%
備後本庄
14%
横尾
14%
戸手
14%
上戸手
14%
三良坂
14%
M10 本川町
14%
M11 | Y1 十日市町
14%
M13 小網町
14%
M15 観音町
14%
M16 西観音町
14%
M17 福島町
14%
M19 東高須
14%
M20 高須
14%
M23 草津南
14%
M24 商工センター入口
14%
M26 修大協創中高前
14%
M28 佐伯区役所前
14%
M30 山陽女学園前
14%
M35 地御前
14%
M37 広電阿品
14%
宮島ボートレース場
14%
U2 袋町
14%
U5 鷹野橋
14%
U8 御幸橋
14%
U9 皆実町六丁目
14%
U10 広大附属学校前
14%
U11 県病院前
14%
Y3 別院前
14%
E2 舟入本町
14%
E5 舟入南
14%
W2 女学院前
14%
W3 縮景園前
14%
H3 比治山橋
14%
H4 南区役所前
14%
牛田
14%
不動院前
14%
祇園新橋北
14%
西原
14%
中筋
14%
安東
14%
上安
14%
高取
14%
長楽寺
14%
大原
14%
御領
14%
下和知
0%
山ノ内
0%
七塚
0%
平子
0%
比婆山
0%
小奴可
0%
内名
0%
備後八幡
0%
道上
0%
近田
0%
高木
0%
鵜飼
0%
下川辺
0%
中畑
0%
河佐
0%
備後三川
0%
備後矢野
0%
梶田
0%
備後安田
0%
M14 伝馬町
0%
湯野
0%
No matching quizzes found
Score Distribution
Percent of People with Each Score
Percentile by Number Answered
Your Score History
You have not taken this quiz since the last reset